| 000 | 00725pam a2200241 a 4500 | ||
|---|---|---|---|
| 001 | 3871099 | ||
| 005 | 20180308033028.0 | ||
| 008 | 891102s1990 nyu b 001 0 eng | ||
| 010 | _a 89013560 | ||
| 020 |
_a0814796672 (alk. paper) : _c$55.00 |
||
| 020 |
_a0814796680 (pbk. : alk. paper) : _c$25.00 |
||
| 040 |
_aDLC _cDLC _dDLC |
||
| 041 | _aeng | ||
| 080 | _a155.633 | ||
| 082 | 0 | 0 |
_a155.633 ZAN _220 |
| 100 | _a49 | ||
| 101 | _aPSI | ||
| 245 | 0 | 0 |
_aEssential papers on the psychology of women / _cClaudia Zanardi, editor. |
| 504 | _aIncludes bibliographical references and indexes. | ||
| 906 |
_a7 _bcbc _corignew _d1 _eocip _f19 _gy-gencatlg |
||
| 942 |
_2ddc _cBK |
||
| 999 |
_c44369 _d44369 |
||